| 000 | 00701nam a22002177a 4500 | ||
|---|---|---|---|
| 005 | 20250821114342.0 | ||
| 008 | 250821b |||||||| |||| 00| 0 eng d | ||
| 037 | _cTB | ||
| 040 |
_aCRL _cCRL |
||
| 041 |
_2eng _aeng _htel |
||
| 084 |
_aNR 35Q9 _qCRL |
||
| 100 |
_aRao, Jayadhir Thirtumal _9818369 |
||
| 245 |
_aMula dhwani:s _bSocial history of tribal and folk instrument |
||
| 260 |
_aHyderabad, India: _bPragati Offiset, _c2019. |
||
| 300 | _axii, 94p. | ||
| 365 |
_b150.00 _cINR |
||
| 650 |
_aMusic _917402 |
||
| 650 | _aFine Arts | ||
| 942 |
_2CC _cTB _hNR 35Q9 _n0 |
||
| 999 |
_c1434825 _d1434825 |
||